000 00652nam a2200217Ia 4500
003 OSt
005 20220923230926.0
006 a|||||r|||| 00| 0
007 ta
008 Pun
024 _a306,524
037 _cTextual
040 _aARTS
_cARTS
_bPun
041 _2Pun
_aPun
082 _aQ8441wI94, 153J9
100 _aਨਾਰਾ, ਈFਰ ਸਿੰਘ
245 0 _aਇਤਿਹਾਸ ਬਾਬਾ ਸ੍ਰੀ ਚੰਦ ਜੀ ਸਾਹਿਬ ਅਤੇ ੳਦਾਸੀਨ ਸੰਪ੍ਰਦਾਇ
260 _c1959
942 _hQ8441wI94, 153J9
_cTEXL
_2CC
999 _c388304
_d388304